El impacto de la renovación carismática en la iglesia católica de Guatemala/
Uloženo v:
| Hlavní autor: | |
|---|---|
| Médium: | Kniha |
| Jazyk: | Spanish |
| Tagy: |
Přidat tag
Žádné tagy, Buďte první, kdo vytvoří štítek k tomuto záznamu!
|
MARC
| LEADER | 00000nam a22000007a 4500 | ||
|---|---|---|---|
| 003 | cru CIDCACS/IIS | ||
| 005 | 20210819101605.0 | ||
| 007 | ta | ||
| 008 | 180221s2016 cr |||||r||||||0| ||spa|d | ||
| 040 | |c cru CIDCACS/IIS | ||
| 100 | 1 | |9 6680 |a Thorsen, Jakob Egeris | |
| 245 | 1 | 3 | |a El impacto de la renovación carismática en la iglesia católica de Guatemala/ |c Jakob Egeris Thorsen |
| 300 | |a páginas 213-236 | ||
| 500 | |a Colección Centroamérica | ||
| 773 | 0 | |0 18765 |9 1811 |a Universidad de Costa Rica |d San José, Costa Rica: Editorial Universidad de Costa Rica, 1974- |o 18831 |t Anuario de Estudios Centroaméricanos / |x 03777316 | |
| 942 | |2 ddc |c PP | ||
| 999 | |c 41039 |d 41039 | ||
